Sources of revenue for the state share of public assistance 1939-47. (Record no. 90914)

MARC details
000 -LEADER
fixed length control field 00743cam a22002291 4500
001 - CONTROL NUMBER
control field ss 49000002
003 - CONTROL NUMBER IDENTIFIER
control field DLC
005 - DATE AND TIME OF LATEST TRANSACTION
control field 20260227112751.0
008 - FIXED-LENGTH DATA ELEMENTS--GENERAL INFORMATION
fixed length control field 890630s1948 dcu f000 0 eng c
010 ## - LIBRARY OF CONGRESS CONTROL NUMBER
LC control number ss 49000002
035 ## - SYSTEM CONTROL NUMBER
System control number (OCoLC)19955562
040 ## - CATALOGING SOURCE
Original cataloging agency U.S. Social Security Administration. Library
Transcribing agency MiDW
Modifying agency DLC
042 ## - AUTHENTICATION CODE
Authentication code premarc
050 00 - LIBRARY OF CONGRESS CALL NUMBER
Classification number HV85
Item number .A375 no. 15
082 ## - DEWEY DECIMAL CLASSIFICATION NUMBER
Classification number 361.6
100 1# - MAIN ENTRY--PERSONAL NAME
Personal name Epler, Elizabeth G.,
Dates associated with a name 1912-
245 10 - TITLE STATEMENT
Title Sources of revenue for the state share of public assistance 1939-47.
260 ## - PUBLICATION, DISTRIBUTION, ETC.
Place of publication, distribution, etc. [Washington,
Name of publisher, distributor, etc. U.S. Govt. Print. Off.,
Date of publication, distribution, etc. 1948]
300 ## - PHYSICAL DESCRIPTION
Extent 24 p.
Dimensions 23 cm.
410 10 - SERIES STATEMENT/ADDED ENTRY--CORPORATE NAME [OBSOLETE, CAN/MARC], [LOCAL, USA]
Corporate name or jurisdiction name as entry element U.S. Bureau of Public Assistance.
Title of a work Public Assistance report
Volume number/sequential designation no. 15
650 #0 - SUBJECT ADDED ENTRY--TOPICAL TERM
Topical term or geographic name entry element Public welfare
Geographic subdivision United States.

No items available.

Powered by Koha